UM Logo

UN unit sees PH economy growing by 6.5% in '19: (Record no. 14019)

MARC details
000 -LEADER
fixed length control field 00460nam a2200121 4500
008 - FIXED-LENGTH DATA ELEMENTS--GENERAL INFORMATION
fixed length control field 190730b ||||| |||| 00| 0 eng d
100 ## - MAIN ENTRY--PERSONAL NAME
9 (RLIN) 39000
Personal name de Vera, Ben O.
245 ## - TITLE STATEMENT
Title UN unit sees PH economy growing by 6.5% in '19:
Remainder of title Faster than 2018 performance but lower than Unescap's previous forecast/
Statement of responsibility, etc. Ben O. de Vera
260 ## - PUBLICATION, DISTRIBUTION, ETC. (IMPRINT)
Place of publication, distribution, etc. Philippines:
Name of publisher, distributor, etc. Philippine Daily Inquirer;
Date of publication, distribution, etc. c2019.
300 ## - PHYSICAL DESCRIPTION
Extent page B1.
650 #0 - SUBJECT ADDED ENTRY--TOPICAL TERM
9 (RLIN) 39001
Topical term or geographic name as entry element Economic conditions.
942 ## - ADDED ENTRY ELEMENTS (KOHA)
Source of classification or shelving scheme Dewey Decimal Classification
Koha item type Periodicals
Holdings
Withdrawn status Lost status Source of classification or shelving scheme Damaged status Not for loan Collection code Home library Current library Date acquired Total Checkouts Date last seen Price effective from Koha item type Public note
    Dewey Decimal Classification     Periodicals UM Digos College - LIC UM Digos College - LIC 07/30/2019   07/30/2019 07/30/2019 Periodicals Newspaper Clippings